Superhero Movies by Year - 2018 - Statistics

General Stats
  • This quiz has been taken 48 times
    22 since last reset
  • The average score is 6 of 8
Answer Stats
Actor Movie % Correct
Chadwick Boseman Black Panther
100%
Jason Momoa Aquaman
84%
Ryan Reynolds Deadpool 2
84%
Paul Rudd Ant-Man and the Wasp
79%
Tom Hardy Venom
79%
Chris Evans Avengers: Infinity War
74%
Shameik Moore Spider-Man: Into the Spider Verse
68%
Scott Menville Teen Titans GO! To the Movies
16%
No matching quizzes found
Score Distribution
Percent of People with Each Score
Percentile by Number Answered
Your Score History
You have not taken this quiz since the last reset